000 00360nam a2200145Ia 4500
005 20251222152033.0
008 251222s9999||||xx |||||||||||||| ||spa||
020 _a9786123111168
082 _a348.8/T77
100 _aToyama Miyagusuko, Jorge
245 0 _aManual de Fiscalización Laboral
250 _a1ra ed.
264 _bGaceta Jurídica
942 _cLIB
999 _c25764
_d25764